Statistics for Emily Blunt Movies Quiz

Click here to take the quiz!

General Stats

  • This quiz has been taken 514 times
    (244 since last reset)
  • The average score is 7 of 16

Answer Stats

DescriptionMovie% Correct
The story of an American scientist and his role in developing the atomic bombOppenheimer
95%
A new graduate becomes an assistant to a demanding editor-in-chief of a high fashion magazineThe Devil Wears Prada
91%
Magical nanny reunites with Michael and Jane Banks in 1930s LondonMary Poppins Returns
86%
In a post-apocalyptic world, a family is forced to live in silenceA Quiet Place
76%
Neighboring gardens are at war, but two garden gnomes are in loveGnomeo and Juliet
50%
A soldier fighting aliens relives the same day over and over againEdge of Tomorrow
49%
A small riverboat captain takes a scientist and her brother down the AmazonJungle Cruise
48%
An FBI agent is enlisted to aid in the war against drugs at the US-Mexico BorderSicario
48%
A baker and his wife must obtain magical items from fairy tales to reverse a curse on their family treeInto the Woods
34%
Criminals of the future send people back in time for assassinationLooper
32%
A divorcee becomes entangled in a life-changing missing persons investigationThe Girl on the Train
23%
A fisheries expert is approached to help realize a sheik's vision of fly-fishing in the desertSalmon Fishing in the Yemen
21%
The affair between a politician and a dancer is affected by mysterious forces keeping them apartThe Adjustment Bureau
21%
Boyfriend and girlfriend agree to get married, but the wedding takes a while to happenThe Five-Year Engagement
13%
To send her son to private school, a mom starts a crime scene clean-up service with her sisterSunshine Cleaning
11%
A desperate single mother is hired by a failing pharmaceutical company, which soon leads to a federal criminal conspiracyPain Hustlers
6%

Score Distribution

Percentile by Number Answered

Percent of People with Each Score

Your Score History

You have not taken this quiz since the last reset